Normal view
MARC view
Entry Personal Name
001 - CONTROL NUMBER
- control field: 255516
003 - CONTROL NUMBER IDENTIFIER
- control field: OSt
005 - DATE AND TIME OF LATEST TRANSACTION
- control field: 20260218095435.0
008 - FIXED-LENGTH DATA ELEMENTS
- fixed length control field: 260218|| aca||aabn | a|a d
040 ## - CATALOGING SOURCE
- Original cataloging agency: OSt
- Transcribing agency: OSt
100 ## - HEADING--PERSONAL NAME
- Personal name: Creasey C H
670 ## - SOURCE DATA FOUND
- Source citation: Work cat.: (OSt)126880: Creasey C H, Matter and motion